| 000 | 00000nas 2200000za 4500 |
| 001 | 9.808765 |
| 003 | CaOODSP |
| 005 | 20221107140452 |
| 007 | cr ||||||||||| |
| 008 | 160108u2006 xxc x m o f000#|0eng|d |
| 040 | |aCaOODSP|beng |
| 043 | |an-cn--- |
| 086 | 1 |aH128-1/08-538E-PDF |
| 130 | 0 |aWHMIS quick facts. |
| 245 | 10|aWHMIS quick facts |h[electronic resource] : |bWorkplace Hazardous Materials Information System. |
| 260 | |aOttawa : |bHealth Canada, |c[2006]- |
| 300 | |av. |
| 310 | |aIrregular |
| 500 | |aIssued also in French under title: SIMDUT aide-mémoire. |
| 550 | |aCo-published by: Canadian Centre for Occupational Health and Safety. |
| 692 | 07|2gccst|aHazardous materials |
| 692 | 07|2gccst|aOccupational safety |
| 710 | 1 |aCanada. |bHealth Canada. |
| 710 | 2 |aCanadian Centre for Occupational Health and Safety. |
| 775 | 08|tSIMDUT aide-mémoire |w(CaOODSP)9.808769 |